000 00550nam a2200133Ia 4500
008 220620s9999||||xx |||||||||||||| ||und||
022 _a18795838
100 _aGunter Senft
245 0 _aTales from the Trobriand Islands of Papua New Guinea. Psycholinguistic and anthropological linguistic analyses of tales told by Trobriand children and adults
546 _aEnglish[eng]
650 _aAntropological linguistics||Austronesian languages||Linguistics||Anthropology
856 _uhttp://www.jbe-platform.com/content/books/9789027268266
942 _cEB
999 _c29420
_d29420